00561cam a22002291 4500001001300000003000400013005001700017008004100034010001700075035002000092040001800112042001200130050001700142100003400159245002200193260001100215300002700226500001500253650001900268700002700287999001700314sa 64005996 DLC20260227112036.0881028s1963 xx 000 0 beno  asa 64005996  a(OCoLC)23576736 aDLCcMiUdDLC apremarc00aPK1714b.G481 aGhose, Sukumar,d1935-ecomp.10aPremera kabità„. c[1963] a158 p.billus.c15 cm. aRomanized. 0aBengali poetry1 aBasu, Rana,ejoint ed. c59458d59458